Gaming Quiz

Random Gaming or Clickable Quiz

Final Fantasy Playable Characters Quiz Stats

 Plays Quiz Updated Feb 18, 2020

     
Support Sporcle.
Go Orange.
Score 0/93 Timer 08:00
1 Play Today
% Correct
Black Mage
77.1%
Cloud
76.9%
Aeris
76.1%
White Mage
75.4%
Barret
74.2%
Red Mage
74%
Black Belt
73.9%
Tifa
73.6%
Fighter
73.2%
Thief
71.9%
Red XIII
71.5%
Cait Sith
70.9%
Yuffie
70.5%
Tidus
70.3%
Squall
69.9%
Yuna
69.3%
Vincent
68.8%
Auron
68.5%
Wakka
67.2%
Zidane
66.5%
Cecil
65.7%
Rikku
65.6%
Lulu
65.4%
Lightning
65.4%
Cid
65.1%
Vivi
64.5%
Cid
63.3%
Kimahri
63.1%
Terra
62.6%
Quistis
62.6%
Rinoa
62.5%
% Correct
Selphie
62.3%
Snow
61.2%
Vaan
60.7%
Garnet
60.5%
Balthier
60.2%
Zell
60%
Edgar
59.7%
Locke
59.5%
Steiner
59.4%
Vanille
59.3%
Kain
59.2%
Celes
58.8%
Shadow
56.9%
Cyan
56.9%
Freya
56.7%
Sabin
56.5%
Noctis
56.4%
Porom
56.4%
Ashe
56.3%
Rosa
56.3%
Bartz
56.3%
Palom
56.1%
Irvine
56%
Basch
55.9%
Amarant
55.7%
Rydia
55.6%
Firion
55.5%
Quina
55.4%
Hope
55.4%
Sazh
55.2%
Fran
55%
% Correct
Eiko
54.4%
Mog
54.4%
Gau
54.3%
Setzer
54.2%
Edward
53.2%
Edge
52.8%
Fang
52.3%
Tellah
52.2%
Penelo
52%
FuSoYa
51%
Relm
50.6%
Gogo
50.5%
Yang
50.1%
Strago
50%
Guy
49.2%
Umaro
47.8%
Maria
47.7%
Luneth
46.7%
Faris
46.3%
Galuf
45%
Leon
44%
Arc
44%
Minwu
43.8%
Josef
43.6%
Lenna
43.2%
Gordon
42.3%
Ingus
39.9%
Refia
39.4%
Krile
38.8%
Ricard
38.8%
Leila
37%

From the Vault

Biggest Opening Weekends in November

by Sheldon

Movies 5m
For these movies, it's autumn, not fall.
Remove Ads.
Support Sporcle.
Get the best of Sporcle when you Go Orange. This ad-free experience offers more features, more stats, and more fun while also helping to support Sporcle. Thank you for becoming a member.

Show Comments

Extras

Top Quizzes Today


Score Distribution

Your Account Isn't Verified!

In order to create a playlist on Sporcle, you need to verify the email address you used during registration. Go to your Sporcle Settings to finish the process.

Report this User

Report this user for behavior that violates our Community Guidelines.

Details: